000 00676nam a2200277Ia 4500
005 20260324124900.0
008 008 260324s9999 xx 000 0 eng d
020 _a9781315565903
037 _aEBOOK
040 _aCRL
040 _beng
040 _cCRL
041 _2eng
041 _aeng
084 _qCRL
100 _aNestor M. Davidson; Robin Paul Malloy
_91175857
245 0 _aAffordable Housing and Public-Private Partnerships
260 _bTaylor and Francis
260 _c2009
365 _a
365 _b255
856 _uhttp://www.taylorfrancis.com/books/9781315565903
942 _cEBOOK
999 _c1770642
_d1770642